=LDR 00000nam 2200000 4500 =001 000876 =005 20250712112414 =035 ##$$a 0010-0725000754 =007 ta =008 250712################a##########0#ind## =020 ##$$a 978-623-472-453-0 =082 ##$$a 398.209 598 =084 ##$$a 398.209 598 KRI s =100 #$$a Krishna, Vinita =245 1#$$a Sona yang Pintar /$c Vinita Krishna =250 ##$$a cetakan pertama =260 ##$$a jakarta :$b badan pengembangan dan pembinaan bahasa,$c 2022 =300 ##$$a 16 hlm. : $b ilus. ; $c 22,9 cm$e 398.209 598 =650 #4$$a Cerita Anak Indonesia =856 ##$$a TBM As Suhada =990 ##$$a TBM202400732